历史上统治过伊朗的政权(The Regime that has ruled Iran) - Statistics

General Stats
  • This quiz has been taken 55 times
    38 since last reset
  • The average score is 9 of 18
Answer Stats
历史时期 国名/朝代 % Correct
1925–1979 伊朗王国或巴列维王朝
81%
公元前550年至公元前330年 波斯帝国或阿契美尼德王朝
78%
公元前330年至公元前312年 亚历山大帝国或马其顿帝国
69%
224年至651年 萨珊王朝或波斯第二帝国
69%
651年至11世纪初 阿拉伯帝国
69%
1979年至今 伊朗伊斯兰共和国
69%
1502年至1722年 萨法维王朝
59%
11世纪初至1405年的四个帝国3 伊尔汗国
53%
11世纪初至1405年的四个帝国4 帖木儿帝国
50%
公元前3千纪上半期至公元前639年 埃兰王国
41%
公元前312年-公元前247年 塞琉古王国
38%
公元前247年至公元224年 安息王朝或帕提亚王朝
38%
公元前639年至公元前550年 米底王国
34%
11世纪初至1405年的四个帝国1 塞尔柱帝国
31%
1779年至1921年 卡伽王朝或恺加王朝
28%
1736年至1796年的两个王朝1 阿夫沙尔王朝
25%
1736年至1796年两个王朝2 赞德王朝
22%
11世纪初至1405年的四个帝国2 花刺子模王国
9%
No matching quizzes found
Score Distribution
Percent of People with Each Score
Percentile by Number Answered
Your Score History
You have not taken this quiz since the last reset